| 000 | 00655cam a2200253 4500 | ||
|---|---|---|---|
| 999 |
_c5417 _d5417 |
||
| 001 | 4076266 | ||
| 003 | GBCCL | ||
| 005 | 20241126110541.0 | ||
| 008 | 731210s1973 nyua 001 0 eng | ||
| 010 | _a 71157313 | ||
| 020 | _a0689206968 | ||
| 040 |
_aDLC _cDLC _dDLC |
||
| 050 | 0 | 0 |
_aTT820 _b.V63 1973 |
| 082 | 0 | 0 |
_a746.43 _bWAR |
| 100 | 1 |
_aVon Wartburg, Ursula. _99725 |
|
| 245 | 1 | 4 | _aThe workshop book of knitting. |
| 250 | _a[1st ed.] | ||
| 260 |
_aNew York, _bAtheneum, _c1973. |
||
| 300 |
_a148 p. _billus. _c25 cm. |
||
| 350 | _a$8.95 | ||
| 650 | 0 |
_aKnitting. _99726 |
|
| 906 |
_a7 _bcbc _corignew _d2 _encip _f19 _gy-gencatlg |
||
| 942 |
_2ddc _cBK |
||